000 00516cam a2200193ua 4500
001 338
008 110412n ii |||gr||||Z||||||eng
040 _cMAIN
082 _a320.5
245 1 _aPolitical theory :
_bIdeas and institutions /
_cby Amal Ray
250 _a12th.
260 _aCalcutta:
_bThe world press ,992.
300 _axiv,622p.:
_c40cm.
653 _aPolitical science
653 _aPolitical Therory
700 _aRay, Amal.,
_eAuthor.
700 _aBhattacharya, Mohit.,
_eAuthor.
942 _cBK
999 _c289
_d289